Countries with the most Chinese - Statistics

General Stats
  • This quiz has been taken 30 times
  • The average score is 9 of 10
Answer Stats
Diaspora Country % Correct
5.0 Million United States
100%
2.8 Million Indonesia
96%
1.0 Million South Korea
96%
1.2 Million Australia
93%
1.8 Million Canada
93%
6.6 Million Malaysia
93%
1.3 Million Philippines
93%
9.3 Million Thailand
93%
1.6 Million Myanmar
85%
2.5 Million Singapore
85%
No matching quizzes found
Score Distribution
Percent of People with Each Score
Percentile by Number Answered
Your Score History
You have not taken this quiz